000 00869nas a2200265 4500
001 BR8705896
003 BR-BrBNA
005 20231205090820.0
007 ta
008 230509b bl.|||p| |||| 00| 00por d
040 _aBR-BrBNA
_bpor
_cBiblioteca Nacional de Agricultura
041 _a(Pt)
072 _aL73
100 1 _aKubrusly, F.S.
100 1 _aKoseki, J.
245 1 _aEfeito de ions magnesio, DEAE - Dextran e sulfato de dextran na formacao de placas em celulas da linhagem suina IB-RS-2 por uma amostra atenuada do virus da doenca de Newcastle
650 _aNEWCASTLE
650 _aSUÍNO
650 _aVIRUS
650 _aCELULA
650 _aCITOLOGIA
773 0 _tArquivos do Instituto Biologico (Brazil)
_xISSN 0020-3653
_g(Jan-Dec 1982), v. 49(1-4) p. 71-74
_wBR8705896
909 _a202311
_bLúcia
_c55
_dLúcia Elande
942 _2AGRIS
_n0
_cANA
999 _c121033
_d121033